000 00595cam a22002411 4500
001 sa 68017945
003 DLC
005 20260227112707.0
008 891011s1964 ce 000 0 sino
010 _asa 68017945
035 _a(OCoLC)20476848
040 _aDLC
_cWaU
_dDLC
042 _apremarc
043 _aa-ii---
050 0 0 _aPK2916
_b.N36
100 1 _aÑāṇasīha, Hēnpiṭagedara,
_d1909-
245 1 0 _aSāhityaya.
260 _c[1964]
300 _a357 p.
_c19 cm.
500 _aIn Sinhalese.
650 0 _aSanskrit poetry
_xHistory and criticism.
650 0 _aPoetics.
999 _c88080
_d88080